MARC

LEADER 00000nam0a2200000 4500
001 40956
005 20231101210647.0
010 |a 5938660068 
035 |a (RuTPU)RU\TPU\book\42022 
090 |a 40956 
100 |a 20020530d2001 k y0rusy50 ca 
101 1 |a eng 
102 |a RU 
105 |a y z 001zy 
200 1 |a Стыд и истоки самоуважения  |e пер. с англ.  |f М. Якоби 
210 |a Москва  |c Изд-во Института аналитической психологии  |d 2001 
215 |a 249 с. 
225 1 |a Библиотека аналитической психологии 
320 |a Библиогр.: с. 228-231. 
606 1 |a Эмоции (психология)  |2 stltpush  |3 (RuTPU)RU\TPU\subj\21177  |9 46208 
610 1 |a психология 
610 1 |a психология личности 
610 1 |a психоанализ 
610 1 |a аналитическая психология 
610 1 |a стыд 
610 1 |a самоуважение 
610 1 |a психотерапия 
686 |a Ю935.2  |v LBC/SL-A  |2 rubbk 
686 |a Ю937  |v LBC/SL-A  |2 rubbk 
700 1 |a Якоби  |b М.  |g Марио 
801 1 |a RU  |b 63413507  |c 20020530  |g PSBO 
801 2 |a RU  |b 63413507  |c 20120912  |g PSBO 
942 |c BK